00457nam a2200133Ia 4500008004100000082001800041100003400059245006000093260002400153300000900177942001200186999001900198952010600217210430s9999 xx 000 0 und d a662.2 B 152 E aA .Bailey, S G Murray9127580 aExplosives, Propellants & Pyrotechnics V-2 /cA .Bailey aUKbBrassey sc1989 a187P cBK2ddc c561875d561875 001040708NFICaSCMEbSCMEcGENd0000-00-00l0o662.2 B 152 EpSCME-729r2021-04-30w2021-04-30yBK